|
|
|
|
| LEADER |
03102nam a2200433 a 4500 |
| 001 |
12353895 |
| 008 |
100102r20082006maua 001 0 eng d |
| 010 |
|
|
|a 2001030774
|
| 020 |
|
|
|a 9780070611054
|
| 020 |
|
|
|a 007061105x
|
| 020 |
|
|
|a 0072283645 (alk. paper)
|
| 020 |
|
|
|a 0071122273 (intl. ed.)
|
| 040 |
|
|
|a DLC
|c DLC
|d DLC
|c BD-DhAAL
|
| 082 |
0 |
0 |
|a 621.319/2
|2 22
|
| 100 |
1 |
|
|a Hayt, William Hart,
|d 1920-
|
| 245 |
1 |
0 |
|a Engineering circuit analysis /
|c William H. Hayt, Jr., Jack E. Kemmerly, Steven M. Durbin.
|
| 250 |
|
|
|a 6th ed.
|
| 260 |
|
|
|a Boston ;
|a New Delhi :
|b Tata McGraw-Hill,
|c 2008.[reprinted]
|
| 300 |
|
|
|a xviii, 781 p.:
|b ill. ;
|c 26 cm. +
|e 1 computer optical disc (4 3/4 in.)
|
| 504 |
|
|
|a Includes index.
|
| 541 |
1 |
|
|e 00019636
|
| 650 |
|
0 |
|a Electric circuit analysis.
|
| 650 |
|
0 |
|a Electric network analysis.
|
| 700 |
1 |
|
|a Kemmerly, Jack E.
|q (Jack Ellsworth),
|d 1924-
|
| 700 |
1 |
|
|a Durbin, Steven M.
|
| 852 |
4 |
|
|a Ayesha Abed Library
|j General Shelf.
|
| 942 |
0 |
0 |
|0 6
|
| 999 |
|
|
|c 6602
|d 6602
|
| 952 |
|
|
|0 0
|1 0
|2 ddc
|4 0
|6 621_319200000000000_HAY_2008
|7 0
|9 6732
|a BRACUL
|b BRACUL
|c GEN
|d 2010-01-02
|l 50
|m 322
|o 621.3192 HAY
|p 3010019636
|r 2025-09-22
|s 2025-07-16
|t 1
|w 2010-01-02
|y BK
|
| 952 |
|
|
|0 0
|1 0
|2 ddc
|4 0
|6 621_319200000000000_HAY_2008
|7 0
|9 6733
|a BRACUL
|b BRACUL
|c GEN
|d 2010-01-02
|l 48
|m 356
|o 621.3192 HAY
|p 3010019638
|r 2025-08-26
|s 2025-01-12
|t 2
|w 2010-01-02
|y BK
|
| 952 |
|
|
|0 0
|1 0
|2 ddc
|4 0
|6 621_319000000000000_2_HAY_2008
|7 0
|9 6734
|a BRACUL
|b BRACUL
|c GEN
|d 2010-01-02
|l 45
|m 298
|o 621.3192 HAY
|p 3010019639
|r 2025-03-23
|s 2025-03-19
|t 3
|w 2010-01-02
|y BK
|
| 952 |
|
|
|0 0
|1 0
|2 ddc
|4 0
|6 621_319200000000000_HAY_2008
|7 0
|9 6735
|a BRACUL
|b BRACUL
|c GEN
|d 2010-01-02
|l 47
|m 357
|o 621.3192 HAY
|p 3010019640
|r 2024-05-15
|s 2024-03-03
|t 4
|w 2010-01-02
|y BK
|
| 952 |
|
|
|0 0
|1 0
|2 ddc
|4 0
|6 621_319200000000000_HAY_2008
|7 0
|9 6736
|a BRACUL
|b BRACUL
|c GEN
|d 2010-01-02
|l 39
|m 320
|o 621.3192 HAY
|p 3010019641
|r 2023-05-08
|s 2023-02-02
|t 5
|w 2010-01-02
|y BK
|
| 952 |
|
|
|0 0
|1 0
|2 ddc
|4 1
|6 621_319200000000000_HAY
|7 0
|9 6737
|a BRACUL
|b BRACUL
|c SPS
|d 2010-01-02
|g 660.00
|l 10
|m 101
|o 621.3192 HAY
|p 3010019642
|r 2017-03-28
|s 2017-01-09
|t 6
|w 2010-01-02
|y BK
|x Photocopy Book. Declared as Damaged on December 10, 2023
|
| 952 |
|
|
|0 0
|1 0
|2 ddc
|4 0
|6 621_319200000000000_HAY_2008
|7 0
|9 6738
|a BRACUL
|b BRACUL
|c GEN
|d 2010-01-02
|l 40
|m 320
|o 621.3192 HAY
|p 3010019643
|r 2023-10-01
|s 2023-09-04
|t 7
|w 2010-01-02
|y BK
|
| 952 |
|
|
|0 0
|1 0
|2 ddc
|4 1
|6 621_319200000000000_HAY
|7 0
|9 6739
|a BRACUL
|b BRACUL
|c SPS
|d 2010-01-02
|g 660.00
|l 13
|m 39
|o 621.3192 HAY
|p 3010019644
|r 2011-07-21
|s 2011-07-04
|t 8
|w 2010-01-02
|y BK
|x Photocopy Book. Declared as Damaged on December 10, 2023
|
| 952 |
|
|
|0 0
|1 0
|2 ddc
|4 0
|6 621_319000000000000_2_HAY_2008
|7 0
|9 6740
|a BRACUL
|b BRACUL
|c GEN
|d 2010-01-02
|l 36
|m 243
|o 621.3192 HAY
|p 3010019645
|r 2022-09-08
|s 2022-05-30
|t 9
|w 2010-01-02
|y BK
|
| 952 |
|
|
|0 0
|1 0
|2 ddc
|4 0
|6 621_319000000000000_2_HAY_2008
|7 0
|9 6741
|a BRACUL
|b BRACUL
|c GEN
|d 2010-01-02
|l 42
|m 376
|o 621.3192 HAY
|p 3010019646
|r 2024-11-24
|s 2024-11-16
|t 10
|w 2010-01-02
|y BK
|
| 952 |
|
|
|0 0
|1 0
|2 ddc
|4 0
|6 621_319200000000000_HAY_2008
|7 0
|9 6742
|a BRACUL
|b BRACUL
|c GEN
|d 2010-01-02
|l 38
|m 271
|o 621.3192 HAY
|p 3010019637
|r 2023-06-18
|s 2023-02-02
|t 11
|w 2010-01-02
|y BK
|